000
00345nam a2200157 a 4500
008
190521s1997|||| d
100
1
_a
Dohnal Jiří
260
_b
KMS
_c
1997
_a
Praha
245
1
0
_a
Operace bez narkózy
250
_a
1.vydanie
020
_c
0
_a
8090196098
041
_a
cze
044
_a
CZ
958
_a
AUL
300
_a
119s.
999
_c
20703
_d
20703